| 000 | 00463nam a2200169Ia 4500 | ||
|---|---|---|---|
| 008 | 151213s9999 xx 000 0 und d | ||
| 082 |
_a530 _b530 |
||
| 100 | _aGiasuddin Ahmed / Md. Shahabuddin | ||
| 245 |
_aPractical Physics _cGiasuddin Ahmed / Md. Shahabuddin |
||
| 250 | _a4th | ||
| 260 |
_aDhaka _bHafiz Book Centre _c2000 |
||
| 300 | _a11904 p. | ||
| 650 | _aPhysics | ||
| 650 | _aScience | ||
| 700 | _aGiasuddin Ahmed / Md. Shahabuddin | ||
| 999 |
_c5065 _d5065 |
||